| 000 | 00385nam a2200133Ia 4500 | ||
|---|---|---|---|
| 008 | 210430s9999 xx 000 0 und d | ||
| 082 | _a671.37 G354 P | ||
| 100 |
_aRandall M German _952247 |
||
| 245 |
_aPowder Metallurgy Science / _cRandall M German |
||
| 250 | _a2nd edition | ||
| 260 |
_aNew Jersey _bMetal Powder Industries Federation _c1994 |
||
| 300 | _a472p. | ||
| 942 |
_cBK _2ddc |
||
| 999 |
_c561937 _d561937 |
||